Central Library OPAC University of Rajshahi

The standardization of two intelligence tests / (Record no. 43262)

MARC details
000 -LEADER
fixed length control field 00975nam a2200265 a 4500
001 - CONTROL NUMBER
control field 43262
003 - CONTROL NUMBER IDENTIFIER
rucl marc code BD-RjUL
005 - DATE AND TIME OF LATEST TRANSACTION
control field 20211209053654.0
008 - FIXED-LENGTH DATA ELEMENTS--GENERAL INFORMATION
fixed length control field 160620s1940 nz d b 000 0 eng d
035 ## - SYSTEM CONTROL NUMBER
System control number (BD-RjUL)
System control number 936269
040 ## - CATALOGING SOURCE
Original cataloging agency VDU
Language of cataloging eng
Transcribing agency VDU
Modifying agency ABN-SNR
-- BD-RjUL
041 ## - LANGUAGE CODE
Language code of text/sound track or separate title eng
082 14 - DEWEY DECIMAL CLASSIFICATION NUMBER
Classification number 371.26
Edition number 23
Author mark and year RES 1940
100 1# - MAIN ENTRY--PERSONAL NAME
Personal name Redmond, Mary,.
9 (RLIN) 132886
245 14 - TITLE STATEMENT
Title The standardization of two intelligence tests /
Statement of responsibility, etc. by Mary Redmond & F.R.J. Davies.
260 ## - PUBLICATION, DISTRIBUTION, ETC. (IMPRINT)
Place of publication, distribution, etc. [Wellington, N.Z?] :
Name of publisher, distributor, etc. New Zealand Council for Educational Research,
Date of publication, distribution, etc. 1940.
300 ## - PHYSICAL DESCRIPTION
Pagination xiii, 129 p. :
Illustrations ill. ;
Size 22 cm.
490 1# - SERIES STATEMENT
Series statement Educational research series / New Zealand Council for Educational Research ;
Volume/sequential designation no. 14
504 ## - BIBLIOGRAPHY, ETC. NOTE
Bibliography, etc Includes bibliographical references.
650 #0 - SUBJECT ADDED ENTRY--TOPICAL TERM
Topical term or geographic name as entry element Intelligence tests.
9 (RLIN) 132887
700 1# - ADDED ENTRY--PERSONAL NAME
Personal name Davies, F. R. J.
Fuller form of name (Frederick Ronald Jabez)
830 #0 - SERIES ADDED ENTRY--UNIFORM TITLE
Uniform title Educational research series (Wellington, N.Z.) ;
Volume number/sequential designation no. 14
942 ## - ADDED ENTRY ELEMENTS (KOHA)
Source of classification or shelving scheme Dewey Decimal Classification
Koha item type Books
Holdings
Lost status Source of classification or shelving scheme Damaged status Not for loan Collection code Permanent Location Current Location Shelving location Date acquired Source of acquisition Cost, normal purchase price Total Checkouts Full call number Date last seen Copy number Koha item type
  Dewey Decimal Classification     Non-fiction Central Library, University of Rajshahi Central Library, University of Rajshahi   12/09/1955 B.H.Black well 7.60   371.26 RES 1940 20/06/2016 C-2 Books
  Dewey Decimal Classification     Non-fiction Central Library, University of Rajshahi Central Library, University of Rajshahi   18/11/1957 Oxford University press, 6.16   371.26 RES 1940 20/06/2016 C-3 Books